A-Z: Answers containing "Ray" - Statistics

General Stats
  • This quiz has been taken 19 times
  • The average score is 11 of 26
Answer Stats
Initial Clue Answer % Correct
A A range or series of items Array
100%
C Waxy object that children use for drawing, similar to a coloured pencil Crayon
89%
G North American spelling of a colour Gray
89%
K Surname of gangland brothers Reggie and Ronnie Kray
89%
B To double-cross; expose to danger by treacherously giving information to an enemy Betray
84%
R Flat, gliding sea creature related to sharks Ray
79%
H Celebratory exclamation Hooray
74%
M Firth in Scotland; also the name of a type of eel Moray
74%
T Flat object used for carrying food Tray
74%
X Part of the electromagnetic spectrum, used for medical imaging X-ray
74%
S Wander away from the main group Stray
68%
P Depict Portray
63%
F An adventurous journey or project Foray
58%
D Provide money to pay (a cost or expense) Defray
26%
O The accidental application of airborne particulate paint onto an unintended location - ie when you want to use a paint gun to repaint your car, but you aim it too close to your neighbour's vehicle Overspray
26%
E A domestic animal found wandering at large or lost Estray
16%
L Reservoir in South Carolina with the name of a Scottish tennis player Lake Murray
16%
Q A powerful Arab tribe which Muhammed was born into, known for the uniform they wore and their vow of silence Quraysh
11%
V Wine-producing town near Tours Vouvray
11%
W A holder in which objects are placed while being cleaned Washtray
11%
Y A Puerto Rican fan palm tree, used in making hats Yaray
5%
I A predominantly pagan people inhabiting the mountainous interior of northern Mindoro in the Philippines Ivray
0%
J Town near Amman in Jordan Juraynah
0%
N Small cheese-producing town in N. France, with a name meaning new castle in the noise made by a donkey Neufchâtel-en-Bray
0%
U Japanese city which is as universal as any other Urayasu
0%
Z Top-rated Russian town with a Slovak connection Zaraysk
0%
No matching quizzes found
Score Distribution
Percent of People with Each Score
Percentile by Number Answered
Your Score History
You have not taken this quiz